[Event "1/128 Finale"]
[Site "www.chess-mail.com"]
[Date "2017.11.13"]
[Round "1"]
[White "Tobernor"]
[Black "Passaroa25"]
[WhiteElo "1599"]
[BlackElo "1670"]
[Result "1-0"]
[Round "1"]
1.e4 c6
2.d4 e6
3.Ng1f3 f6
4.Bf1d3 Ng8e7
5.Nb1c3 Ne7g6
6.a3 Bf8e7
7.Qd1e2 O-O
8.h4 Ng6h8
9.Bc1d2 Nh8f7
10.e5 Nf7h6
11.Bd2xh6 gxh6
12.Qe2e3 h5
13.Qe3h6 Rf8f7
14.exf6 Rf7xf6
15.Qh6xh7 Kf8
16.Qh7h8 Kf7
17.Nf3e5 
1-0

[Event "1/32 Finale"]
[Site "www.chess-mail.com"]
[Date "2017.11.13"]
[Round "1"]
[White "Guidom"]
[Black "Chessington"]
[WhiteElo "2140"]
[BlackElo "2770"]
[Result "0-1"]
[Round "1"]
1.e4 e6
2.d4 d5
3.Nb1c3 Bf8b4
4.e5 c5
5.a3 Bb4a5
6.Qd1g4 Ng8e7
7.dxc5 Ba5xc3
8.bxc3 Ne7g6
9.Ng1f3 Nb8d7
10.Bf1b5 O-O
11.Bb5xd7 Bc8xd7
12.Bc1e3 Qd8c7
13.Qg4d4 f6
14.exf6 Rf8xf6
15.O-O Rf6xf3
16.gxf3 Ra8f8
17.f4 Bd7b5
18.Rf1e1 Ng6h4
19.Qd4d1 d4
20.cxd4 Rf8f6
21.f3 Rf6g6
22.Kh1 Nh4xf3
23.d5 Nf3xe1
24.Qd1xe1 Bb5c6
25.h4 Bc6xd5
26.Kh2 Rg6g2
27.Kh3 Qc7f7
{ resign }
0-1

[Event "Tourn. n9601"]
[Site "www.chess-mail.com"]
[Date "2017.11.14"]
[Round "1"]
[White "Dussek"]
[Black "Begory"]
[WhiteElo "1820"]
[BlackElo "1630"]
[Result "1-0"]
[Round "1"]
1.c4 d5
2.d4 Ng8f6
3.Ng1f3 Bc8g4
4.Bc1f4 e6
5.Nb1c3 Bg4xf3
6.exf3 Bf8b4
7.Bf1e2 Bb4xc3
8.bxc3 O-O
9.O-O c6
10.c5 Nb8d7
11.Qd1c2 Rf8e8
12.Ra1b1 e5
13.Bf4g5 h6
14.Bg5h4 b6
15.Be2a6 b5
16.a4 bxa4
17.Qc2xa4 exd4
18.cxd4 g5
19.Bh4g3 h5
20.Ba6b7 Ra8b8
21.Bg3xb8 Qd8xb8
22.Bb7xc6 Qb8d8
23.Qa4xa7 Re8e7
24.Rb1b7 g4
25.Bc6xd7 Nf6xd7
26.c6 { resign }
1-0

[Event "Tourn. n9551"]
[Site "www.chess-mail.com"]
[Date "2017.11.14"]
[Round "1"]
[White "Norlavuaram"]
[Black "Tonino1"]
[WhiteElo "2110"]
[BlackElo "2170"]
[Result "1-0"]
[Round "1"]
1.e4 d6
2.d4 Ng8f6
3.Bf1d3 g6
4.Ng1e2 Bf8g7
5.O-O O-O
6.f4 e5
7.f5 c6
8.c4 Qd8c7
9.dxe5 dxe5
10.Qd1c2 a5
11.Bc1g5 h6
12.Bg5h4 g5
13.Bh4f2 Nb8a6
14.a3 b6
15.Nb1c3 Na6c5
16.Ra1d1 Nc5xd3
17.Rd1xd3 Bc8a6
18.b3 Ra8d8
19.Rf1d1 Rd8xd3
20.Rd1xd3 Rf8d8
21.Qc2d2 Rd8xd3
22.Qd2xd3 Qc7d7
23.Qd3e3 c5
24.Nc3d5 Nf6xd5
25.cxd5 Qd7b5
26.Ne2g3 f6
27.h3 Kf7
28.Qe3f3 Qb5d3
29.Qf3h5 Kf8
30.Qh5g6  { time }
1-0

[Event "Tourn. n9515"]
[Site "www.chess-mail.com"]
[Date "2017.11.14"]
[Round "1"]
[White "Hundegana"]
[Black "Francesco"]
[WhiteElo "2000"]
[BlackElo "2130"]
[Result "1-0"]
[Round "1"]
1.d4 d5
2.b3 Bc8g4
3.f3 Bg4f5
4.g4 Bf5g6
5.h4 h6
6.h5 Bg6h7
7.Ng1h3 e6
8.a3 c5
9.c3 Nb8c6
10.e3 Ng8f6
11.Nb1d2 Qd8a5
12.Bc1b2 Bf8d6
13.Kf2 O-O
14.b4 cxb4
15.axb4 Qa5c7
16.Bf1g2 Bd6g3
17.Kg1 Bg3d6
18.Kf1 Bh7d3
19.Kg1 a6
20.Nd2b3 Rf8c8
21.Qd1xd3 Nf6d7
22.g5 Kh8
23.gxh6 gxh6
24.Bb2c1 Rc8g8
25.Ra1a2 Rg8g3
26.e4 dxe4
27.Qd3xe4 Ra8g8
28.Bc1xh6 Nd7f6
29.Qe4e3 Nf6d5
30.Qe3d3 f5
31.Ra2e2 Qc7h7
32.Bh6d2 Qh7f7
33.Bd2e1 Rg3g7
34.b5 axb5
35.Qd3xb5 Bd6g3
36.Be1xg3 Nd5xc3
37.Qb5d3 Nc3xe2
38.Qd3xe2 Rg7xg3
39.Rh1h2 e5
40.Qe2d3 e4
41.Qd3d1 exf3
42.d5 fxg2
43.dxc6 bxc6
44.Nb3c5 Qf7c4
45.Nc5d7 Qc4e6
46.Qd1d4 Rg8g7
47.Nd7e5 Qe6d5
48.Qd4xd5 cxd5
49.Nh3f4 Rg7e7
50.Ne5g6 { resign }
1-0

[Event "Tourn. n9575"]
[Site "www.chess-mail.com"]
[Date "2017.11.14"]
[Round "1"]
[White "Scasan55"]
[Black "Fantomas"]
[WhiteElo "2060"]
[BlackElo "2190"]
[Result "0-1"]
[Round "1"]
1.e4 e5
2.Ng1f3 Ng8f6
3.d3 Nb8c6
4.Nb1c3 h6
5.h3 d5
6.exd5 Nf6xd5
7.Bc1d2 Nd5f6
8.Bf1e2 a6
9.O-O Bf8d6
10.Nc3e4 Nf6xe4
11.dxe4 O-O
12.c3 Bc8e6
13.Qd1c2 Nc6e7
14.a3 Ne7g6
15.b4 Ng6h4
16.Nf3xh4 Qd8xh4
17.Qc2d3 f5
18.exf5 Be6xf5
 { time }
0-1

[Event "Tourn. n9546"]
[Site "www.chess-mail.com"]
[Date "2017.11.14"]
[Round "1"]
[White "Fabos12"]
[Black "Libiesse"]
[WhiteElo "1990"]
[BlackElo "1810"]
[Result "1/2-1/2"]
[Round "1"]
1.d4 d5
2.Ng1f3 e6
3.Bc1f4 Ng8f6
4.h3 c5
5.c3 cxd4
6.Qd1xd4 Nb8c6
7.Qd4d1 Bf8c5
8.Nb1d2 O-O
9.Nf3e5 Qd8b6
10.Ne5d3 Rf8e8
11.Nd3xc5 Qb6xc5
12.Nd2f3 e5
13.Bf4g5 Re8e6
14.Bg5e3 Qc5d6
15.Nf3g5 Re6e7
16.Qd1c2 Bc8e6
17.Ng5xe6 Re7xe6
18.O-O-O Ra8c8
19.a3 d4
20.Be3g5 Nc6a5
21.e3 Nf6d5
{ draw }
1/2-1/2

[Event "Tourn. n9546"]
[Site "www.chess-mail.com"]
[Date "2017.11.14"]
[Round "1"]
[White "Attatroll"]
[Black "Fabos12"]
[WhiteElo "1960"]
[BlackElo "1980"]
[Result "0-1"]
[Round "1"]
1.e4 e5
2.Ng1f3 Nb8c6
3.d4 exd4
4.Bf1c4 Bf8c5
5.c3 dxc3
6.Qd1d5 Qd8e7
7.Nb1xc3 Ng8f6
8.Qd5d3 d6
9.O-O Bc8g4
10.Nf3g5 O-O
11.Bc1d2 Nc6d4
12.h3 Bg4h5
13.g4 Bh5g6
14.f4 Nd4c2
15.Kh2 Nc2xa1
16.f5 Bg6xf5
17.Rf1xf5 h6
18.Ng5f3 g6
19.Rf5f4 Kh7
20.g5 Nf6h5
21.Rf4h4 f5
22.gxf6 Rf8xf6
23.Nc3d5 Rf6xf3
24.e5 Qe7xe5
25.Kh1 Rf3xd3
26.Bc4xd3 Qe5xd5
{ resign }
0-1

[Event "Tourn. n9601"]
[Site "www.chess-mail.com"]
[Date "2017.11.14"]
[Round "1"]
[White "Pachi"]
[Black "Libiesse"]
[WhiteElo "1630"]
[BlackElo "1830"]
[Result "1-0"]
[Round "1"]
1.e4 c5
2.c3 e6
3.d4 d5
4.exd5 exd5
5.g3 Nb8c6
6.Bc1e3 cxd4
7.Be3xd4 f6
8.Bf1b5 Bf8d6
9.Qd1h5 Kf8
10.Qh5xd5 Ng8e7
11.Qd5h5 Nc6xd4
12.cxd4 Qd8a5
13.Nb1d2 a6
14.Qh5e8 { resign }
1-0

[Event "Tourn. n9567"]
[Site "www.chess-mail.com"]
[Date "2017.11.14"]
[Round "1"]
[White "Cal"]
[Black "Julian"]
[WhiteElo "1710"]
[BlackElo "1430"]
[Result "1-0"]
[Round "1"]
1.d4 d5
2.h3 Ng8f6
3.Ng1f3 e6
4.a3 Bf8e7
5.b4 O-O
6.e3 c6
7.Bc1b2 Nb8d7
8.Bf1d3 Qd8c7
9.Nb1c3 Rf8e8
10.Qd1e2 e5
11.dxe5 Nd7xe5
12.Nf3g5 h6
13.Ng5f3 Ne5xf3
14.Qe2xf3 d4
15.exd4 b6
16.O-O Nf6d5
17.Nc3xd5 cxd5
18.Qf3xd5 Bc8b7
19.Qd5b3 Qc7c6
20.f3 Qc6d6
21.Bd3e4 Bb7xe4
22.fxe4 Ra8c8
23.Qb3xf7 Kh8
24.d5 Be7f6
25.Rf1xf6 Qd6e7
26.Rf6xh6 { resign }
1-0

[Event "Tourn. n9451"]
[Site "www.chess-mail.com"]
[Date "2017.11.14"]
[Round "1"]
[White "Ditto"]
[Black "Lucaschess"]
[WhiteElo "1860"]
[BlackElo "2080"]
[Result "1-0"]
[Round "1"]
1.e4 e5
2.Ng1f3 Nb8c6
3.Bf1b5 a6
4.Bb5c4 Ng8f6
5.d3 d5
6.Bc4b3 dxe4
7.Nf3g5 Bc8e6
8.Bb3xe6 fxe6
9.Ng5xe6 Qd8d6
10.Ne6g5 exd3
11.cxd3 h6
12.Ng5f3 e4
13.dxe4 Qd6xd1
14.Kxd1 Nf6xe4
15.Rh1e1 O-O-O
16.Ke2 Bf8c5
17.Bc1e3 Rh8e8
18.Kf1 g5
19.a3 g4
20.Nf3h4 Bc5xe3
21.fxe3 g3
22.h3 Re8f8
23.Kg1 Rf8f2
24.Nh4f3 Rf2xb2
25.h4 Nc6a5
26.a4 Na5c4
27.Nf3d4 c5
28.Nd4e6 Rd8d6
29.Ne6f4 Nc4d2
30.Nb1a3  { time }
1-0

[Event "Tourn. n9559"]
[Site "www.chess-mail.com"]
[Date "2017.11.14"]
[Round "1"]
[White "Lucaschess"]
[Black "Bojan"]
[WhiteElo "2030"]
[BlackElo "2050"]
[Result "0-1"]
[Round "1"]
1.e4 e5
2.Ng1f3 Nb8c6
3.Bf1c4 h6
4.O-O Qd8f6
5.c3 Bf8c5
6.d3 a6
7.Bc1e3 Bc5a7
8.Be3xa7 Nc6xa7
9.d4 exd4
10.cxd4 d6
11.Rf1e1 Bc8g4
12.e5 dxe5
13.dxe5 Qf6c6
14.Bc4d5 Qc6b6
15.b3 O-O-O
16.Qd1c2 Rd8xd5
 { time }
0-1

[Event "Tourn. n9559"]
[Site "www.chess-mail.com"]
[Date "2017.11.14"]
[Round "1"]
[White "Apdash"]
[Black "Norlavuaram"]
[WhiteElo "2100"]
[BlackElo "2130"]
[Result "1/2-1/2"]
[Round "1"]
1.e4 e5
2.f4 exf4
3.Ng1f3 d6
4.d4 g5
5.Bf1c4 Nb8c6
6.O-O Bf8g7
7.c3 h6
8.h4 Bc8g4
9.Qd1b3 Qd8d7
10.Qb3xb7 Ra8b8
11.Qb7a6 Rb8b6
12.Qa6a4 Ng8f6
13.Bc4b5 a6
14.Bb5d3 d5
15.exd5 Qd7xd5
16.Bd3c4 Qd5f5
17.Nf3e5 Qf5e4
18.Bc1d2 O-O
19.Rf1e1 Qe4f5
20.Ne5xc6 Kh8
21.b3 Nf6h5
22.Nc6e7 Qf5c2
23.Qa4a3 f3
24.Qa3c1 Qc2h7
25.Nb1a3 Rb6f6
26.gxf3 Rf6xf3
27.Qc1c2 Rf3g3
28.Kf2 Rg3f3
29.Kg1 Rf3g3
30.Kf2 Rg3f3
31.Kg1 Rf3g3
32.Kf2 { draw }
1/2-1/2

[Event "Tourn. n9517"]
[Site "www.chess-mail.com"]
[Date "2017.11.14"]
[Round "1"]
[White "Malbertan"]
[Black "Falcoale"]
[WhiteElo "1920"]
[BlackElo "1990"]
[Result "1-0"]
[Round "1"]
1.e4 c5
2.Ng1f3 Nb8c6
3.d4 cxd4
4.Nf3xd4 e5
5.Nd4b5 d6
6.c4 a6
7.Nb5a3 Ng8f6
8.Nb1c3 Bf8e7
9.Na3c2 O-O
10.Bc1g5 h6
11.Bg5xf6 Be7xf6
12.Nc3d5 Bf6g5
13.Bf1e2 Nc6e7
14.Nc2e3 Ne7xd5
15.Ne3xd5 Bc8e6
16.O-O f5
17.Be2f3 f4
18.Qd1e2 Ra8c8
19.b3 Be6xd5
20.cxd5 Qd8b6
21.Ra1c1 Rc8c7
22.Qe2d2 Rf8c8
23.Rc1xc7 Qb6xc7
24.Bf3g4 Rc8f8
25.Rf1c1 Qc7b8
26.f3 Qb8a7
27.Kf1 Bg5d8
28.Qd2b4 Qa7e3
29.Rc1e1 Qe3a7
30.Qb4xd6 Rf8e8
31.Bg4e6 Kh8
32.Qd6xe5 a5
33.Qe5h5 Re8f8
34.Qh5g6 Bd8f6
35.Be6f5 Qa7a6
36.Re1e2 Kg8
37.e5 Bf6xe5
38.Qg6xa6 bxa6
39.Re2xe5 Rf8d8
40.Bf5e6 Kh8
41.Re5f5 g5
42.Rf5f7 Rd8b8
43.d6 { resign }
1-0

[Event "Tourn. n9544"]
[Site "www.chess-mail.com"]
[Date "2017.11.14"]
[Round "1"]
[White "Liencam2"]
[Black "Apdash"]
[WhiteElo "2220"]
[BlackElo "2040"]
[Result "1/2-1/2"]
[Round "1"]
1.e4 c5
2.Nb1c3 g6
3.Ng1f3 Bf8g7
4.d4 cxd4
5.Nf3xd4 Nb8c6
6.Bc1e3 Ng8f6
7.Bf1c4 O-O
8.Bc4b3 d6
9.f3 e5
10.Nd4b5 Nf6e8
11.Nc3d5 a6
12.Nb5c3 Ne8f6
13.a4 Bc8e6
14.O-O Be6xd5
15.Nc3xd5 Nf6xd5
16.Qd1xd5 Qd8c7
17.c3 Nc6e7
18.Qd5d2 a5
19.f4 Ra8c8
20.f5 d5
21.f6 Bg7xf6
22.Rf1xf6 dxe4
23.Be3h6 Ne7c6
24.Ra1f1 Qc7b6
25.Kh1 Qb6xb3
26.Bh6xf8 Rc8xf8
27.h4 h5
28.Qd2h6 Nc6e7
29.Qh6d2 Qb3xa4
30.Qd2d6 Ne7f5
31.Qd6xe5 Rf8e8
32.Qe5d5 Re8e6
33.Rf6xe6 fxe6
34.Qd5xe6 Kh7
35.b3 Qa4b5
36.Rf1d1 Qb5e2
37.Qe6f7 Nf5g7
38.Qf7f1 Qe2g4
39.Qf1e1 Ng7f5
40.Rd1d7 Kh6
41.Rd7xb7 e3
42.Kh2 Qg4f4
43.g3 Qf4e5
44.Rb7d7 Nf5xh4
45.Kh1 Nh4f5
46.Kg2 g5
47.c4 h4
48.Kg1 Nf5xg3
49.Qe1b1 Ng3e4
50.Qb1e1 Qe5f5
51.Qe1xe3 Qf5xd7
52.Qe3xe4 Qd7d1
53.Kh2 Qd1d6
54.Kg2 Qd6g3
55.Kh1 h3
56.Qe4e6 Kh5
57.Qe6e8 Kh4
58.Qe8h8 Kg4
59.Qh8d4 Kh5
{ draw }
1/2-1/2

[Event "Match"]
[Site "www.echecsemail.com"]
[Date "2017.11.14"]
[Round "1"]
[White "Mystakerchon"]
[Black "Cal"]
[WhiteElo "1090"]
[BlackElo "1680"]
[Result "1-0"]
[Round "1"]
1.e4 e5
2.Ng1f3 a6
3.c4 Nb8c6
4.Nb1c3 d6
5.d3 Bc8g4
6.Bf1e2 h6
7.h3 Bg4h5
8.g4 Bh5g6
9.O-O Ng8f6
10.Nc3d5 Nc6d4
11.Nf3xd4 exd4
12.Nd5xf6 Qd8xf6
13.f4 Qf6h4
14.Rf1f3 f6
15.f5 Bg6f7
16.Bc1f4 g5
17.Bf4h2 O-O-O
18.Kg2 Bf7e8
19.Bh2g3 Qh4xg3
20.Rf3xg3 c5
21.a3 Bf8g7
22.b4 b6
23.bxc5 dxc5
24.Ra1b1 Be8c6
25.Rb1xb6 Bc6b7
26.Qd1b3 Rd8d7
27.Be2f3 Rh8e8
28.e5 Bb7xf3
29.Rg3xf3 Re8xe5
30.Rb6b8 Kc7
31.Qb3b6 { resign }
1-0

[Event "Match"]
[Site "www.echecsemail.com"]
[Date "2017.11.14"]
[Round "1"]
[White "Karlgrocer"]
[Black "Sykdalion"]
[WhiteElo "2000"]
[BlackElo "1849"]
[Result "0-1"]
[Round "1"]
1.Ng1f3 d5
2.d4 Nb8c6
3.e3 Bc8g4
4.Bf1e2 Ng8f6
5.O-O e6
6.Nb1d2 Bf8e7
7.c4 O-O
8.a3 Nf6e4
9.Nd2xe4 dxe4
10.Nf3d2 Bg4xe2
11.Qd1xe2 f5
12.b4 a5
13.b5 Nc6a7
14.Nd2b3 b6
15.a4 Na7c8
16.Bc1b2 Nc8d6
17.c5 Nd6f7
18.c6 Be7b4
19.Bb2a3 Bb4xa3
20.Ra1xa3 Qd8d6
21.Ra3a2 Nf7h6
22.Qe2c4 Nh6g4
23.g3 Qd6e7
24.Ra2d2 Qe7f6
25.h3 Ng4h6
26.d5 exd5
27.Qc4c2 Rf8d8
28.Nb3d4 Nh6f7
29.f4 Qf6g6
30.Kg2 Nf7d6
31.Rd2e2 Qg6h5
32.Nd4e6 Rd8c8
33.Rf1f2 Nd6c4
34.Qc2c3 Qh5f7
35.Ne6d4 Nc4d6
36.Rf2f1 Rc8e8
37.Kf2 Qf7h5
38.Rf1h1 Nd6c4
39.Nd4b3 Qh5f3
{ resign }
0-1

[Event "Match"]
[Site "www.echecsemail.com"]
[Date "2017.11.14"]
[Round "1"]
[White "Whitekknight"]
[Black "Darknight"]
[WhiteElo "1930"]
[BlackElo "1780"]
[Result "1-0"]
[Round "1"]
1.d4 d5
2.e4 dxe4
3.Nb1c3 Bc8f5
4.f3 exf3
5.Qd1xf3 Bf5c8
6.Bc1d2 Qd8xd4
7.O-O-O c6
8.Bd2e3 Nb8d7
9.Be3xd4 e5
10.Qf3e4 Bf8d6
11.Bd4f2 Ng8f6
12.Qe4e1 h6
13.Rd1xd6 a6
14.Qe1d1 O-O
15.Ng1f3 Rf8e8
16.Bf2h4 Nf6d5
17.Nc3xd5 Ra8b8
18.Nd5c3 e4
19.Nf3e1 Nd7c5
20.Rd6d8 Re8xd8
21.Qd1xd8 Kh7
22.Qd8c7 Rb8a8
23.Qc7xf7 Bc8e6
24.Qf7e7 b6
25.Nc3xe4 Be6xa2
26.Bf1d3 Kh8
27.Ne4xc5 bxc5
28.Qe7e4 Ba2d5
29.Qe4h7 
1-0

[Event "Match"]
[Site "www.echecsemail.com"]
[Date "2017.11.14"]
[Round "1"]
[White "Emmanuel69"]
[Black "Apdash"]
[WhiteElo "1960"]
[BlackElo "2260"]
[Result "0-1"]
[Round "1"]
1.c4 e5
2.Nb1c3 Ng8f6
3.d3 d5
4.cxd5 Nf6xd5
5.Ng1f3 Nb8c6
6.g3 Bc8e6
7.Bf1g2 Bf8b4
8.Bc1d2 O-O
9.Nc3xd5 Bb4xd2
10.Qd1xd2 Be6xd5
11.O-O f6
12.a3 Qd8d6
13.Ra1c1 Bd5xf3
14.Bg2xf3 Nc6d4
15.Qd2e3 c6
16.Bf3g2 Ra8e8
17.Rc1c3 f5
18.Qe3d2 e4
19.Qd2d1 e3
20.f4 b5
21.b4 h5
22.h4 Re8e6
23.Rc3c5 a5
24.Bg2f3 axb4
25.axb4 g6
26.Kg2 Rf8a8
27.Rf1e1 Ra8a4
28.Qd1b1 Re6e7
29.Qb1b2 Kf8
30.Re1c1 Ra4a6
31.Qb2c3 Ra6a2
32.Kf1 g5
33.hxg5 h4
34.Bf3xc6 hxg3
35.Rc5xf5 Re7f7
36.Rf5xf7 Kxf7
37.Bc6xb5 Qd6xf4
{ resign }
0-1

[Event "Match"]
[Site "www.echecsemail.com"]
[Date "2017.11.14"]
[Round "1"]
[White "Tonino1"]
[Black "Llord"]
[WhiteElo "2170"]
[BlackElo "1920"]
[Result "1/2-1/2"]
[Round "1"]
1.d4 d5
2.f4 Bc8f5
3.Ng1f3 Ng8f6
4.e3 Nb8c6
5.c3 Bf5g4
6.Bf1d3 Nf6e4
7.O-O h5
8.Nb1d2 f5
9.Qd1c2 e6
10.Nf3e5 Nc6xe5
11.fxe5 h4
12.h3 Bg4xh3
13.Bd3xe4 fxe4
14.gxh3 Qd8g5
15.Kf2 Qg5g3
16.Ke2 Qg3xh3
17.Rf1f2 Qh3g4
18.Ke1 h3
19.Nd2f1 Qg4g1
20.Qc2e2 O-O-O
21.Bc1d2 g5
22.Rf2h2 g4
23.Qe2f2 Qg1xf2
24.Kxf2 Bf8e7
25.Kg3 Rh8g8
26.Rh2f2 c5
27.Kh2 Be7h4
28.Rf2f7 g3
29.Nf1xg3 Rg8xg3
30.Ra1d1 Rd8g8
31.Bd2c1 cxd4
32.exd4 Bh4d8
33.Rf7h7 Rg3g2
34.Kh1 Rg8g3
35.Rh7xh3 Rg3g4
36.Rd1f1 Rg2e2
37.Rh3h2 Re2xh2
38.Kxh2 Rg4g7
39.Rf1g1 Rg7h7
40.Kg2 Rh7g7
41.Kf1 Rg7f7
42.Ke2 Bd8h4
43.Bc1e3 Kd7
44.Rg1g4 Bh4e7
45.Rg4f4 Rf7g7
46.Rf4f2 Be7h4
47.Rf2h2 Bh4e7
48.Rh2f2 { draw }
1/2-1/2

[Event "Match"]
[Site "www.echecsemail.com"]
[Date "2017.11.14"]
[Round "1"]
[White "Gidi5"]
[Black "Liencam2"]
[WhiteElo "2059"]
[BlackElo "2230"]
[Result "1-0"]
[Round "1"]
1.e4 c5
2.Ng1f3 e6
3.Nb1c3 a6
4.d4 cxd4
5.Nf3xd4 Qd8c7
6.Bf1e2 b5
7.a3 Bc8b7
8.Be2f3 Ng8f6
9.O-O d6
10.Bc1e3 Nb8d7
11.Nd4b3 Nd7e5
12.Be3d4 Ne5xf3
13.Qd1xf3 Bf8e7
14.Rf1e1 O-O
15.Ra1d1 Ra8d8
16.h3 Bb7c6
17.Qf3e3 Rd8b8
18.e5 Nf6d7
19.f4 dxe5
20.fxe5 Bc6a8
21.Re1e2 Rf8c8
22.Re2d2 Nd7f8
23.Nc3e4 Nf8g6
24.Ne4d6 Rc8d8
25.Bd4a7 h6
26.Ba7xb8 Rd8xb8
27.Rd2f2 Be7g5
28.Qe3d4 Ng6h4
29.Rd1d3 Rb8d8
30.Rd3c3 Qc7e7
31.Qd4b6 f5
32.g3 Nh4g6
33.Rc3c7 Qe7f8
34.Rc7f7 Qf8xf7
35.Nd6xf7 Kxf7
36.h4 { resign }
1-0

[Event "Match"]
[Site "www.echecsemail.com"]
[Date "2017.11.14"]
[Round "1"]
[White "Lcbunghai"]
[Black "Whitekknight"]
[WhiteElo "1799"]
[BlackElo "1950"]
[Result "1/2-1/2"]
[Round "1"]
1.e4 e5
2.Ng1f3 Nb8c6
3.Bf1b5 Ng8e7
4.d3 d6
5.h3 Bc8d7
6.O-O g6
7.Nb1c3 Bf8g7
8.Bc1g5 f6
9.Bg5e3 a6
10.Bb5a4 Qd8c8
11.Kh2 O-O
12.Ba4b3 Kh8
13.a4 Bd7e6
14.Bb3xe6 Qc8xe6
15.Qd1d2 Ne7g8
16.Nc3d5 Ra8c8
17.c4 Nc6e7
18.b4 Ne7xd5
19.cxd5 Qe6e8
20.Rf1c1 Qe8f7
21.a5 h6
22.Nf3e1 g5
23.f3 Qf7g6
24.g4 Qg6f7
25.Rc1c2 Rf8d8
26.Ra1c1 Rd8d7
27.Ne1g2 Qf7g6
28.Be3f2 Ng8e7
29.Ng2e3 h5
30.Rc1h1 Kg8
31.Kg2 Kf7
32.Ne3f5 Ne7xf5
33.exf5 Qg6h7
34.Bf2e3 Rc8h8
35.Qd2c1 Rh8c8
36.Rc2c4 h4
37.Qc1c2 Qh7g8
38.Rh1c1 Qg8d8
39.Be3b6 Qd8e7
40.Rc4xc7 Rc8xc7
41.Bb6xc7 Bg7f8
42.Bc7b6 Qe7e8
43.Qc2c8 Qe8xc8
44.Rc1xc8 Ke7
45.Kf2 Kf7
46.Ke3 Rd7e7
47.Bb6c7 Re7e8
48.Rc8xe8 Kxe8
49.d4 exd4
50.Kxd4 Kd7
51.Bc7b6 Bf8e7
52.Kc4 Be7d8
53.Bb6e3 Kc7
54.f4 Bd8e7
55.fxg5 fxg5
56.Be3d4 Kd7
57.f6 Be7f8
58.b5 Ke8
59.bxa6 bxa6
60.Kd3 Kf7
61.Ke4 Kg6
62.Bd4c3 { draw }
1/2-1/2

[Event "Match"]
[Site "www.echecsemail.com"]
[Date "2017.11.14"]
[Round "1"]
[White "Gidi5"]
[Black "Joseph1983"]
[WhiteElo "2310"]
[BlackElo "2190"]
[Result "1-0"]
[Round "1"]
1.e4 c5
2.Ng1f3 e6
3.Nb1c3 d6
4.Bf1b5 Bc8d7
5.Bb5xd7 Nb8xd7
6.d4 cxd4
7.Nf3xd4 a6
8.O-O Ng8f6
9.Bc1e3 Bf8e7
10.Qd1e2 O-O
11.Ra1d1 Qd8c7
12.f4 Nd7c5
13.Qe2f3 b5
14.e5 dxe5
15.fxe5 Nf6d7
16.Be3f4 b4
17.Nd4c6 bxc3
18.Nc6xe7 Kh8
19.Qf3xc3 Ra8e8
20.Ne7d5 Qc7a7
21.Nd5e3 { resign }
1-0

[Event "1/64 Finale"]
[Site "www.chess-mail.com"]
[Date "2017.11.14"]
[Round "1"]
[White "Leonger"]
[Black "Osopanda"]
[WhiteElo "2210"]
[BlackElo "1620"]
[Result "0-1"]
[Round "1"]
1.e4 e5
2.f4 d5
3.exd5 e4
4.d3 Ng8f6
5.dxe4 Bc8g4
6.Bf1e2 Bg4xe2
7.Qd1xe2 Nb8d7
8.g4 Bf8c5
9.g5 Nf6g8
10.Bc1e3 Ng8e7
11.Nb1c3 O-O
12.O-O-O Bc5xe3
 { time }
0-1

[Event "Fast Game"]
[Site "www.echecsemail.com"]
[Date "2017.11.14"]
[Round "1"]
[White "Stevep84"]
[Black "Apdash"]
[WhiteElo "1980"]
[BlackElo "1879"]
[Result "0-1"]
[Round "1"]
1.e4 c5
2.Ng1f3 Nb8c6
3.d4 cxd4
4.Nf3xd4 d6
5.c4 g6
6.Nb1c3 Bf8g7
7.Bc1e3 Ng8f6
8.Bf1e2 O-O
9.O-O Nc6xd4
10.Be3xd4 Bc8d7
11.Qd1d2 Bd7c6
12.f3 Qd8a5
13.Ra1b1 a6
14.b4 Qa5d8
15.a4 e5
16.Bd4e3 Ra8c8
17.Rf1c1 Qd8e7
18.Nc3d5 Nf6xd5
19.exd5 Bc6d7
20.Be2d1 f5
21.c5 Qe7h4
22.cxd6 e4
23.Be3g5 e3
24.Bg5xh4 exd2
25.Rc1c7 Bg7e5
26.Bh4g3 Rc8xc7
27.dxc7 f4
28.Bg3h4 Be5xc7
29.Rb1b2 Bc7b6
30.Kf1 Bb6e3
31.Bh4e7 Rf8c8
32.Rb2c2 Rc8e8
33.d6 Bd7xa4
34.Rc2xd2 Ba4b5
35.Bd1e2 Be3xd2
36.Be2xb5 axb5
37.d7 Re8a8
38.d8Q Ra8xd8
39.Be7xd8 Bd2xb4
40.Bd8c7 g5
41.Bc7d8 h6
42.Bd8f6 Kf7
43.Bf6b2 Bb4f8
44.Ke2 Ke6
45.Kd3 Kd5
46.Bb2d4 b4
47.Bd4b2 b5
48.Bb2d4 b3
49.Bd4b2 b4
50.g3 Bf8d6
51.Bb2g7 fxg3
52.hxg3 h5
53.Bg7f6 Bd6xg3
54.Bf6xg5 h4
55.Bg5xh4 Bg3xh4
56.f4 Bh4f6
57.Kd2 Kc4
58.Kc1 b2
59.Kc2 Kb5
60.Kb1 Ka4
61.Ka2 b1Q
62.Kxb1 Ka3
63.f5 b3
64.Kc1 Ka2
{ resign }
0-1

[Event "Tourn. n9578"]
[Site "www.chess-mail.com"]
[Date "2017.11.15"]
[Round "1"]
[White "Aiko1603"]
[Black "Tevere"]
[WhiteElo "2020"]
[BlackElo "1920"]
[Result "1-0"]
[Round "1"]
1.c4 Ng8f6
2.Nb1c3 e6
3.g3 d5
4.cxd5 Nf6xd5
5.Bf1g2 Nd5xc3
6.bxc3 Bf8e7
7.Ng1f3 O-O
8.O-O c6
9.d4 Nb8d7
10.e4 h6
11.Bc1f4 c5
12.Qd1d2 b6
13.e5 Bc8b7
14.a4 Qd8c7
15.Nf3e1 g5
16.Bf4e3 Ra8d8
17.Qd2e2 Qc7c8
18.Bg2xb7 Qc8xb7
19.Qe2h5 Kh7
20.f4 Kg7
21.fxg5 hxg5
22.Be3xg5 Nd7xe5
23.dxe5 Kg8
24.Rf1f4 { resign }
1-0

[Event "Tourn. n9608"]
[Site "www.chess-mail.com"]
[Date "2017.11.15"]
[Round "1"]
[White "Joaodelisboa"]
[Black "Bojan"]
[WhiteElo "2080"]
[BlackElo "2030"]
[Result "1-0"]
[Round "1"]
1.e4 e5
2.Ng1f3 d6
3.d4 exd4
4.Nf3xd4 Bc8d7
5.Bf1c4 a6
6.Qd1f3 Qd8f6
7.Qf3xf6 Ng8xf6
8.Nb1c3 c5
9.Nd4f3 h6
10.O-O Nb8c6
11.Nc3d5 Nf6xd5
12.Bc4xd5 Ra8b8
13.Bc1f4 f6
14.c3 Nc6e7
15.Bf4xd6 Ne7xd5
16.Bd6xb8 Nd5b6
17.Rf1e1 Kf7
18.Ra1d1 Bf8e7
19.Bb8c7 Bd7a4
20.b3 Nb6a8
21.Bc7g3 Ba4c6
22.c4 Na8b6
23.Bg3d6 Nb6c8
24.Bd6xe7 Kxe7
25.Nf3h4 Kf7
26.Nh4f5 g6
27.Nf5d6 Nc8xd6
28.Rd1xd6 Ke7
29.Rd6d2 Rh8e8
30.f3 Ke6
31.Kf2 g5
32.Re1d1 Ke7
33.Kg3 h5
34.Kf2 a5
35.a3 a4
36.bxa4 Bc6xa4
37.Rd1b1 Ba4c6
38.Ke3 Re8a8
39.Rb1a1 Ke6
40.Rd2b2 Ra8a4
41.Rb2c2 Ra4a8
42.g3 Bc6a4
43.Rc2b2 Ba4c6
44.a4 Ra8a5
45.Rb2a2 Bc6d7
46.f4 g4
47.f5 Ke7
48.Kf4 Bd7c6
49.e5 Bc6d7
50.Ra2b2 Bd7c6
51.exf6 Kxf6
52.Rb2d2 Bc6e8
53.Rd2d6 Ke7
54.Rd6b6 Ra5a7
55.Rb6e6 Kf7
56.Re6xe8 Kxe8
57.Kg5 b6
58.Kxh5 Ra7h7
59.Kxg4 Rh7xh2
60.a5 bxa5
61.Ra1xa5 Rh2d2
62.Ra5xc5 Ke7
63.Kg5 Rd2d6
64.g4 Rd6d8
65.Rc5e5 Kf7
66.c5 Rd8g8
67.Kf4 Rg8c8
68.g5 Rc8c6
69.g6 Kg7
70.Kg5 Rc6c7
71.f6 Kf8
72.g7 { resign }
1-0

[Event "Tourn. n9445"]
[Site "www.chess-mail.com"]
[Date "2017.11.15"]
[Round "1"]
[White "Pdebonis"]
[Black "Marbachess"]
[WhiteElo "2700"]
[BlackElo "2590"]
[Result "1/2-1/2"]
[Round "1"]
1.e4 e6
2.d4 d5
3.exd5 exd5
4.Ng1f3 Bf8d6
5.c4 Ng8f6
6.Nb1c3 O-O
7.cxd5 Rf8e8
8.Bf1e2 Nb8d7
9.O-O h6
10.Be2c4 a6
11.a4 Nd7b6
12.Bc4b3 Bc8g4
13.h3 Bg4h5
14.g4 Bh5g6
15.Nf3e5 Bd6xe5
16.dxe5 Re8xe5
17.f4 Re5e7
18.f5 Bg6h7
19.a5 Nb6c8
20.Qd1d4 Nc8a7
21.Bc1f4 Na7b5
22.Nc3xb5 axb5
23.Qd4b4 Kh8
24.Ra1d1 Qd8d7
25.d6 cxd6
26.Rd1xd6 Qd7e8
27.Bf4xh6 Ra8a6
28.Bh6f4 Ra6xd6
29.Qb4xd6 Re7e2
30.Bb3d1 Re2xb2
31.Bd1f3 Rb2a2
32.Bf3xb7 Ra2xa5
33.Bf4e5 Ra5a7
34.Bb7c6 Qe8e7
35.Qd6xe7 Ra7xe7
36.Be5xf6 gxf6
37.Bc6xb5 Re7e3
38.Kg2 Re3b3
39.Bb5c4 Rb3b7
40.Bc4d5 Rb7d7
41.Rf1d1 Kg7
42.h4 Rd7d6
43.Kf3 Bh7g8
44.Rd1d4 Rd6d8
45.Kf4 Bg8h7
46.Rd4d3 Rd8d6
47.Bd5e4 Rd6xd3
48.Be4xd3 Kh6
49.Bd3c4 Kg7
50.Bc4d5 Bh7g8
51.Ke3 Bg8h7
52.Kd4 Kf8
53.h5 Ke8
54.Bd5b3 Kf8
55.Ke4 Ke7
56.Bb3c4 Kf8
57.h6 Ke7
58.Kf4 Kf8
59.Bc4a2 { draw }
1/2-1/2

[Event "Tourn. n9492"]
[Site "www.chess-mail.com"]
[Date "2017.11.15"]
[Round "1"]
[White "Kermet"]
[Black "Tartan"]
[WhiteElo "2420"]
[BlackElo "2460"]
[Result "1-0"]
[Round "1"]
1.c4 e6
2.g3 d5
3.d4 Ng8f6
4.Bf1g2 c6
5.Ng1f3 Bf8e7
6.O-O Nb8d7
7.Qd1c2 O-O
8.Nb1d2 b6
9.e4 Bc8b7
10.b3 Ra8c8
11.Bc1b2 dxe4
12.Nd2xe4 c5
13.Ne4xf6 Be7xf6
14.Nf3g5 Bf6xg5
15.Bg2xb7 Rc8c7
16.Bb7g2 cxd4
17.Bb2xd4 b5
18.Qc2b2 e5
19.Bd4xe5 Nd7xe5
20.Qb2xe5 Bg5f6
21.Qe5xb5 Bf6xa1
22.Rf1xa1 Rc7e7
23.Bg2f3 Qd8d2
24.Ra1d1 Qd2xa2
25.c5 Qa2b2
26.c6 Qb2e5
27.Qb5xe5 Re7xe5
28.Rd1d7 Re5b5
29.Bf3d5 a5
30.Kg2 Rb5c5
31.Kf3 g6
32.Ke3 Kg7
33.Kd4 Rc5c2
34.Ke5 { resign }
1-0

[Event "Tourn. n9609"]
[Site "www.chess-mail.com"]
[Date "2017.11.15"]
[Round "1"]
[White "Apdash"]
[Black "Darko10"]
[WhiteElo "2280"]
[BlackElo "2790"]
[Result "0-1"]
[Round "1"]
1.e4 e5
2.Ng1f3 Nb8c6
3.Bf1b5 a6
4.Bb5a4 Ng8f6
5.O-O Bf8e7
6.Nb1c3 b5
7.Ba4b3 d6
8.Rf1e1 Bc8g4
9.h3 Bg4xf3
10.Qd1xf3 Nc6d4
11.Qf3d1 O-O
12.d3 a5
13.a3 Nd4xb3
14.cxb3 c6
15.f4 Rf8e8
16.fxe5 dxe5
17.Bc1e3 Nf6d7
18.Kh1 Be7c5
19.Qd1f3 Bc5xe3
20.Re1xe3 Nd7c5
21.Ra1f1 Ra8a7
22.Qf3d1 Qd8d4
23.Qd1c2 Qd4xe3
{ resign }
0-1